Time of change : an insider's view of Russia's trans formation
| Main Author: | |
|---|---|
| Other Authors: | |
| Format: | Book |
| Published: |
London :
I.B.Tauris ,
1991
|
| Subjects: |
MARC
| LEADER | 00000cam a2200000 7i4500 | ||
|---|---|---|---|
| 001 | 0000005140 | ||
| 002 | 000005551 | ||
| 005 | 20000330.0 | ||
| 020 | |a 1850433054 | ||
| 090 | 0 | 0 | |a 947 |b MED |
| 100 | 1 | |a Medvevev, Roy | |
| 245 | 1 | 0 | |a Time of change : |b an insider's view of Russia's trans formation |c Roy Medveder and Giulietto Chiesa |
| 260 | |a London : |b I.B.Tauris , |c 1991 | ||
| 300 | |a 346p. ; |c 24cm. | ||
| 651 | 0 | |a Russia |x History | |
| 700 | 0 | |a Chiesa, Giulietto | |
| 999 | |a 030388 |b BUKU |c PINJAMAN |e PERPUSTAKAAN KOMUNITI PETALING JAYA | ||